University Home | Library Home | Institutional Repository

The child with leukemia. (Record no. 44525)

MARC details
000 -LEADER
fixed length control field 00679cam0a220024100 4500
001 - CONTROL NUMBER
control field lce00786860
008 - FIXED-LENGTH DATA ELEMENTS--GENERAL INFORMATION
fixed length control field 730924s1973 ilua b 001 0 eng
010 ## - LIBRARY OF CONGRESS CONTROL NUMBER
LC control number 72092177
020 ## - INTERNATIONAL STANDARD BOOK NUMBER
International Standard Book Number 0398027358
035 ## - SYSTEM CONTROL NUMBER
System control number (Sirsi) r68014
035 ## - SYSTEM CONTROL NUMBER
System control number (DLC) 72092177
035 ## - SYSTEM CONTROL NUMBER
System control number (UPRA)lce00786860
040 ## - CATALOGING SOURCE
Modifying agency UPRA
050 0# - LIBRARY OF CONGRESS CALL NUMBER
Classification number RJ416.L4
Item number P62
082 ## - DEWEY DECIMAL CLASSIFICATION NUMBER
Classification number 618.9/21/55
100 1# - MAIN ENTRY--PERSONAL NAME
Personal name Pochedly, Carl.
Linkage A28923.1
245 14 - TITLE STATEMENT
Title The child with leukemia.
260 ## - PUBLICATION, DISTRIBUTION, ETC.
Place of publication, distribution, etc. Springfield, IL :
Name of publisher, distributor, etc. Thomas,
Date of publication, distribution, etc. [1973]
504 ## - BIBLIOGRAPHY, ETC. NOTE
Bibliography, etc. note Includes bibliographical references.
650 #0 - SUBJECT ADDED ENTRY--TOPICAL TERM
Topical term or geographic name entry element Leukemia in children.
Linkage S20985.1
949 ## - LOCAL PROCESSING INFORMATION (OCLC)
a RJ416.L4
w LC
i -91179
m MEDICAL
t BOOK
l ON-SHELF
Holdings
Withdrawn status Lost status Source of classification or shelving scheme Damaged status Not for loan Home library Current library Shelving location Total Checkouts Full call number Barcode Date last seen Copy number Price effective from Koha item type
    Library of Congress Classification     Medical Library Medical Library On Shelf   RJ416.L4 -91179 08/13/2019 1 08/13/2019 Book
© 2026 - The University of Zambia Library - Koha v25.11